| 000 | 00356nam a2200133Ia 4500 | ||
|---|---|---|---|
| 008 | 240624s9999 xx 000 0 und d | ||
| 041 | _aeng | ||
| 082 | _a332.024 HEA | ||
| 100 | _aHEADY ROBERT K | ||
| 245 | _aCOMPLETE IDIOTS GUIDE TO MANAGING YOUR M | ||
| 260 |
_c1998 _aNew Delhi _bPrentice-Hall of India |
||
| 300 | _axxvi, : 420 : cm. ; 24 | ||
| 365 | _cRS | ||
| 999 |
_c2117 _d2117 |
||